Science experiments: (Record no. 115147)
[ view plain ]
| 000 -LEADER | |
|---|---|
| fixed length control field | 00453nam a2200169 a 4500 |
| 005 - DATE AND TIME OF LATEST TRANSACTION | |
| control field | 20140414132123.0 |
| 008 - FIXED-LENGTH DATA ELEMENTS--GENERAL INFORMATION | |
| fixed length control field | 131217s19uu xx 00 eng d |
| 020 ## - INTERNATIONAL STANDARD BOOK NUMBER | |
| International Standard Book Number | 9781845575434 |
| 050 ## - LIBRARY OF CONGRESS CALL NUMBER | |
| Classification number | M 560.2 |
| Item number | Cha495 2006 |
| 100 ## - MAIN ENTRY--PERSONAL NAME | |
| Personal name | Chattopadhyay,Deepanwita |
| 245 ## - TITLE STATEMENT | |
| Title | Science experiments: |
| Remainder of title | sound. |
| 260 ## - PUBLICATION, DISTRIBUTION, ETC. (IMPRINT) | |
| Place of publication, distribution, etc | New Delhi : |
| Name of publisher, distributor, etc | New Dawn Press Group, |
| Date of publication, distribution, etc | c2006. |
| 300 ## - PHYSICAL DESCRIPTION | |
| Extent | 30 |
| 440 ## - SERIES STATEMENT/ADDED ENTRY--TITLE | |
| Title | Do & I learn |
| 650 ## - SUBJECT ADDED ENTRY--TOPICAL TERM | |
| Topical term or geographic name as entry element | Science- |
| General subdivision | sound |
| Withdrawn status | Lost status | Damaged status | Use restrictions | Home library | Current library | Shelving location | Date acquired | Source of acquisition | Total Checkouts | Full call number | Barcode | Date last seen | Price effective from | Koha item type |
|---|---|---|---|---|---|---|---|---|---|---|---|---|---|---|
| Munich Library | Munich Library | Main Section | 12/17/2013 | M 560.2 Cha495 2006 | M7150 | 04/14/2014 | 04/14/2014 | Books |